01324 a2200193 4500003000500000005001700005010001700022020001500039040000900054082001900063100002300082245005300105246002000158260004700178300003400225505074500259650003501004856009101039Nust20220811153638.0 a 2004059307 a0824753852 cNust00a621.381045,PAR1 aParker, Michael A.10aPhysics of optoelectronics /cMichael A. Parker.30aOptoelectronics aBoca Raton, FL :bTaylor & Francis,c2005. axvi, 742 p. :bill. ;c26 cm. aIntroduction to Semiconductor Lasers (Page-2), Introduction to Laser Dynamics (Page-47), Classical Electromagnetic and Lasers (Page-108), Mathematical Foundations (Page-197), Fundamentals of Dynamics (Page-257),Light (Page-353), Matter 'Alight Interaction (Page-480), Semiconductor Emitters and Detectors (Page-611), Review of Integrating Factors (Page-681), Rate and Continuity Equations (Page-683), The Group Velocity (Page-685), Review of Probability Theory and Statistics (Page-693),The Dirac Delta Function (Page-701), Coordinate Representations of the Schrodinger Wave Equation (Page-713), Integrals with Two Time Scales (Page-715), The Dipole Approximation (Page-719 ), The Density Operator and the Boltzmann Distribution (Page-723). 0aTelecommunication Engineering.423Publisher descriptionuhttp://www.loc.gov/catdir/enhancements/fy0648/2004059307-d.html